Statistics for Title in the Lyrics

Click here to take the quiz!

General Stats

  • This quiz has been taken 857 times
  • The average score is 6 of 12

Answer Stats

Hint Answer Artist % Correct
She's up all night 'til the sun. I'm up all night to get some. She's up all night for good fun, I'm up all night to ___ _____Get LuckyDaft Punk ft. Pharrell Williams
77%
Well you only need the light when it's burning low. Only miss the sun when it starts to snow. Only know you love her when you ___ _____ ___Let Her GoPassenger
75%
I threw your stuff into a bag and pushed it down the stairs. I crashed my car into the bridge. I don't care,_ ____ __. I don't care.I Love ItIcona Pop ft. Charli XCX
74%
I have died everyday waiting for you. Darling don't be afraid I have loved you for_ _______ ___A Thousand YearsChristina Perri
69%
Here we go back, this is the moment, tonight is the night, we’ll fight 'til it’s over. So we put our hands up like the ceiling ___'_ _____ __Can't Hold UsMacklemore & Ryan Lewis
59%
Welcome to the new age, to the new age. Welcome to the new age, to the new age. Whoa, I'm ___________RadioactiveImagine Dragons
58%
I’m Puttin’ my defences up, 'cause I don’t wanna fall in love. If I ever did that I think I’d have a _____ ______Heart AttackDemi Lovato
52%
Can't let it get past me, you're far from plastic, talk about getting blasted, I hate these_______ _____Blurred LinesRobin Thicke ft. T.I & Pharrell
33%
____ _______', please excuse my writing. I can’t stop my hands from shaking, 'cause I'm cold and alone tonight.Dear Darlin'Olly Murs
28%
She can’t sing, she can’t dance, but who cares – she _____ ______ ________Walks Like RihannaThe Wanted
25%
I just can't believe that this is my life. In my fantasy we're running ____WildJessie J ft. Big Sean & Dizzee Rascal
25%
You make me feel like I've been ______ ___ __ ______ for too longLocked Out of HeavenBruno Mars
23%

Score Distribution

Percentile by Number Answered

Percent of People with Each Score

Your Score History

You have not taken this quiz